000
00322nas a22001337a 4500
003
OSt
005
20240521101655.0
008
240515b |||||||| |||| 00| 0 eng d
022
_a
RNI No. MAHENG/2005/21398
040
_c
MRSPTU
245
_a
Express Pharma
260
_a
Mumbai
_b
The Indian Express
942
_2
ddc
_c
PR
_n
0
_s
1
999
_c
10286
_d
10286